000 00283nam a2200097Ia 4500
008 241105s9999 xx 000 0 und d
041 _aeng
100 _aKale Aloka.
_9183850
245 _aReinventing Transit Experience At Baiyyappanahalli Bengaluru India.
260 _bBNCA, Pune
_c2019
999 _c361828
_d361828